[Event "HCL-A048"]
[Site "www.playchess.de"]
[Date "2001.02.16"]
[Round "6"]
[White "klypp"]
[Black "teenspirit"]
[WhiteElo "2073"]
[BlackElo "1767"]
[PlyCount "60"]
[Result "1-0"]

1.e4 Nc6 2.d4 d5 3.Nc3 dxe4 4.d5 Ne5 5.Qd4 Ng6 
6.Qa4+ Bd7 7.Qb3 Qc8 8.Be3 Nf6 9.O-O-O e5 10.dxe6 
e.p 11.Bxe6 Bc4 12.Bd6 Bxe6 13.Qxe6 Qb5+ 14.c6 
Qxb7 15.O-O Qxc6 16.Rfd8 Nge2 17.Rac8 Qa4 18.Ne5 
Nd4 19.Qe7 Nf5 20.Qe6 Nxd6 21.Rxd6 Rxd6 22.Qxd6 
Rd1 23.Qc7 Qxa7 24.Qc6 Qd4 25.Nc4 Bg5 26.Qb7 b3 
27.Na3 Bxf6 28.gxf6 Qxf6 29.Qc7 Rd5 30.h6 
Qxh6 1-0

[Event "HCL-A048"]
[Site "www.playchess.de"]
[Date "2001.02.16"]
[Round "12"]
[White "Mathemagician"]
[Black "nomad"]
[WhiteElo "1541"]
[BlackElo "1675"]
[PlyCount "53"]
[Result "1-0"]

1.e4 e5 2.Nf3 Nc6 3.d4 exd4 4.Bc4 Bb4+ 5.c3 dxc3 
6.bxc3 Qf6 7.Bxf7+ Kxf7 8.e5 Bxc3+ 9.Nxc3 Nxe5 
10.Qd5+ Ke8 11.Qxe5+ Qxe5+ 12.Nxe5 d6 13.Nd5 dxe5 
14.Nxc7+ Kd8 15.Nxa8 Bd7 16.Be3 Kc8 17.Bxa7 Bc6 
18.Nb6+ Kc7 19.O-O Ne7 20.Rfd1 Nf5 21.Nd5+ Bxd5 
22.Rxd5 b6 23.Rb1 Ne7 24.Bxb6+ Kc6 25.Rxe5 Ng6 
26.Rc5+ Kd6 27.Rc7 1-0

[Event "HCL-C126"]
[Site "www.playchess.de"]
[Date "2001.02.16"]
[Round "2"]
[White "Coney"]
[Black "dg"]
[WhiteElo "1061"]
[BlackElo "800"]
[PlyCount "53"]
[Result "1-0"]

1.e4 e5 2.f4 exf4 3.Nf3 Nc6 4.Nc3 a6 5.d4 d6 
6.Bxf4 g6 7.d5 Nce7 8.Qd4 f6 9.O-O-O Bg7 10.Qd3 
Bg4 11.Be2 Bxf3 12.Bxf3 Bh6 13.Bxh6 Nxh6 14.h4 Qd7 
15.Ne2 O-O-O 16.Nd4 Kb8 17.Ne6 Rdc8 18.Qb3 c6 
19.dxc6 Rxc6 20.e5 Rcc8 21.Rxd6 Qb5 22.Qxb5 axb5 
23.exf6 Nc6 24.Bxc6 bxc6 25.Nc5 Nf7 26.Rd7 Rc7 
27.Na6+ 1-0

[Event "HCL-C126"]
[Site "www.playchess.de"]
[Date "2001.02.16"]
[Round "11"]
[White "dg"]
[Black "Alcoholic"]
[WhiteElo "800"]
[BlackElo "1475"]
[PlyCount "58"]
[Result "0-1"]

1.e4 e5 2.Nf3 Nf6 3.Bd3 Bc5 4.h3 Nc6 5.O-O O-O 
6.a3 d5 7.exd5 Qxd5 8.Nc3 Qd6 9.b4 Bb6 10.Bb2 Re8 
11.Bc4 e4 12.Ng5 Re7 13.Nb5 Qf4 14.Bxf6 Qxf6 
15.Bxf7+ Rxf7 16.Nxf7 Qxf7 17.Qe2 Bf5 18.Nc3 Nd4 
19.Qd1 Bxh3 20.gxh3 Nf3+ 21.Kg2 Qg6+ 22.Kh1 Qd6 
23.Qxf3 exf3 24.d3 Qh6 25.Kh2 Qf4+ 26.Kh1 Bd4 
27.Nd5 Qh4 28.Ne3 Qxh3+ 29.Kg1 
Bxe3 0-1

[Event "HCL-C126"]
[Site "www.playchess.de"]
[Date "2001.02.16"]
[Round "13"]
[White "Coney"]
[Black "Alcoholic"]
[WhiteElo "1061"]
[BlackElo "1475"]
[PlyCount "50"]
[Result "0-1"]

1.e4 e5 2.f4 d5 3.Nc3 Nf6 4.d3 exf4 5.Bxf4 Bb4 
6.a3 Bxc3+ 7.bxc3 dxe4 8.d4 Nd5 9.Qd2 O-O 10.Bg5 
e3 11.Bxd8 exd2+ 12.Kxd2 Rxd8 13.Nf3 Re8 14.Bc4 
Ne3 15.Ne5 Rxe5 16.Bxf7+ Kxf7 17.dxe5 Nc4+ 18.Kc1 
Nxe5 19.Rf1+ Kg6 20.Kb2 Nbc6 21.Rae1 Bf5 22.h4 b5 
23.Rfh1 Rd8 24.h5+ Kg5 25.Re3 Nc4+ 0-1

[Event "HCL-C126"]
[Site "www.playchess.de"]
[Date "2001.02.16"]
[Round "15"]
[White "king"]
[Black "Alcoholic"]
[WhiteElo "1000"]
[BlackElo "1475"]
[PlyCount "48"]
[Result "0-1"]

1.e4 e5 2.Nf3 Nf6 3.d3 Nc6 4.Bg5 h6 5.Bxf6 Qxf6 
6.Nc3 Bb4 7.g3 Bxc3+ 8.bxc3 O-O 9.d4 exd4 10.cxd4 
Re8 11.e5 d6 12.Qe2 dxe5 13.O-O-O Bg4 14.Bg2 e4 
15.Qc4 Bxf3 16.Bxf3 Qxf3 17.d5 Ne5 18.Qxc7 Qa3+ 
19.Kb1 Qb4+ 20.Kc1 Rac8 21.c3 Rxc7 22.d6 Qxc3+ 
23.Kb1 Nc4 24.Rdc1 Qb2+ 0-1

[Event "HCL-C126"]
[Site "www.playchess.de"]
[Date "2001.02.16"]
[Round "16"]
[White "pandatrax"]
[Black "dg"]
[WhiteElo "997"]
[BlackElo "800"]
[PlyCount "87"]
[Result "0-1"]

1.e4 e5 2.Nf3 Nc6 3.Bc4 d6 4.d3 Bg4 5.O-O Nd4 
6.Nbd2 Be7 7.c3 Nxf3+ 8.Nxf3 Bf8 9.Qb3 Qf6 
10.Bxf7+ Qxf7 11.Qxf7+ Kxf7 12.Ng5+ Ke8 13.f3 Bh5 
14.Ne6 Rc8 15.g4 Bf7 16.Ng5 h6 17.Nxf7 Kxf7 18.f4 
Ke6 19.f5+ Kf6 20.Be3 b6 21.d4 g5 22.fxg6+ e. 
23.Kxg6 h4 24.Be7 h5+ 25.Kg7 Rf3 26.Nf6 g5 27.Nxe4 
gxh6+ 28.Kg8 Kh1 29.Nf6 dxe5 30.dxe5 Rg1+ 31.Kf8 
Bg5 32.Kf7 Bxf6 33.Bxf6 Rg6 34.Ke7 Rgxf6 35.Rcd8 
R6f7+ 36.Kd6 h7 37.e4 R3f6+ 38.Kc5 Rxc7+ 39.Kb5 
Kg1 40.e3 Kf1 41.Rhe8 Rh6 42.e2+ Ke1 43.Rd1+ Kf2 
44.e1Q+ 0-1

[Event "HCL-C126"]
[Site "www.playchess.de"]
[Date "2001.02.16"]
[Round "21"]
[White "Alcoholic"]
[Black "pandatrax"]
[WhiteElo "1475"]
[BlackElo "997"]
[PlyCount "43"]
[Result "1-0"]

1.e4 e5 2.f4 exf4 3.Nf3 Nf6 4.e5 Ng4 5.d4 d5 
6.Bxf4 Be7 7.c4 dxc4 8.Bxc4 Nc6 9.d5 Bc5 10.Qa4 
O-O 11.dxc6 Bf2+ 12.Ke2 bxc6 13.Rd1 Bd7 14.h3 c5 
15.Qxd7 Qxd7 16.Rxd7 Rad8 17.Bxf7+ Kh8 18.Rxd8 
Rxd8 19.e6 Nf6 20.Kxf2 Rf8 21.Bxc7 c4 
22.Nc3 1-0

[Event "HCL-B112"]
[Site "www.playchess.de"]
[Date "2001.02.16"]
[Round "6"]
[White "paule"]
[Black "ARM"]
[WhiteElo "1807"]
[BlackElo "1032"]
[PlyCount "45"]
[Result "1-0"]

1.e4 c5 2.c3 e5 3.Nf3 d6 4.d4 Bd7 5.dxe5 dxe5 
6.Nxe5 Qe7 7.Qd5 Bc6 8.Nxc6 bxc6 9.Qd3 a6 10.Be2 
h6 11.Bf4 Qb7 12.Nd2 Nd7 13.O-O g5 14.Bg3 Bg7 
15.Nc4 Kf8 16.Rfd1 Re8 17.Qd6+ Re7 18.Na5 Qxb2 
19.Rab1 Qxe2 20.Qxe7+ Kxe7 21.Nxc6+ Ke8 22.Rb8+ 
Nxb8 23.Rd8+ 1-0

[Event "HCL-A013"]
[Site "www.playchess.de"]
[Date "2001.02.17"]
[Round "21"]
[White "mariuszk"]
[Black "DieHard"]
[WhiteElo "1700"]
[BlackElo "1800"]
[PlyCount "85"]
[Result "1-0"]

1.e4 c5 2.Nc3 Nc6 3.g3 g6 4.Bg2 Bg7 5.d3 d6 6.Be3 
e6 7.Qd2 Rb8 8.a4 a6 9.Nge2 Nd4 10.Ra2 Ne7 11.O-O 
O-O 12.g4 b6 13.Nb1 Bb7 14.Ng3 d5 15.c3 Ndc6 
16.Bh6 Qd7 17.Bxg7 Kxg7 18.f4 f5 19.Qe2 d4 20.c4 
Nb4 21.Ra1 fxg4 22.Na3 h5 23.h4 Rf7 24.f5 exf5 
25.exf5 Qd6 26.fxg6 Rxf1+ 27.Rxf1 Kxg6 28.Be4+ 
Bxe4 29.Qxe4+ Kh6 30.Kg2 Qc6 31.Rf7 Qxe4+ 32.dxe4 
Ng8 33.Nb1 Nd3 34.Nf5+ Kg6 35.Rg7+ Kf6 36.b3 Nh6 
37.Rh7 Nxf5 38.exf5 Kxf5 39.Rxh5+ Kf4 40.Rh6 Rf8 
41.Rxb6 Ne1+ 42.Kf2 Nf3 43.h5 1-0

[Event "HCL-A046"]
[Site "www.playchess.de"]
[Date "2001.02.17"]
[Round "34"]
[White "peze3"]
[Black "SSC"]
[WhiteElo "1700"]
[BlackElo "2187"]
[PlyCount "81"]
[Result "1-0"]

1.c4 e5 2.Nc3 Nf6 3.Nf3 Nc6 4.g3 d5 5.cxd5 Nxd5 
6.Bg2 Be6 7.O-O Be7 8.d4 exd4 9.Nxd4 Nxc3 10.bxc3 
Nxd4 11.cxd4 c6 12.e4 O-O 13.d5 cxd5 14.exd5 Bf5 
15.Bf4 Rc8 16.d6 Bf6 17.Rc1 Rxc1 18.Qxc1 b6 19.Qc6 
Re8 20.Bd5 Qd7 21.Rc1 Qxc6 22.Bxc6 Rd8 23.d7 Bxd7 
24.Bc7 Be6 25.Bxd8 Bxd8 26.Bd7 Kf8 27.Bxe6 fxe6 
28.Rc8 Ke7 29.Ra8 a5 30.Ra7+ Kf6 31.Rb7 h5 32.h4 
g6 33.a4 e5 34.Kg2 Ke6 35.Rb8 Kd7 36.Kf3 Kc7 
37.Ra8 g5 38.hxg5 Bxg5 39.Rh8 Kd6 40.Ke4 Bf6 
41.Rxh5 1-0

[Event "HCL-A054"]
[Site "www.playchess.de"]
[Date "2001.02.17"]
[Round "12"]
[White "sthota"]
[Black "peze3"]
[WhiteElo "1700"]
[BlackElo "1700"]
[PlyCount "24"]
[Result "0-1"]

1.e4 e5 2.Nf3 Nf6 3.Nxe5 d6 4.Nf3 Nxe4 5.d3 Nf6 
6.Be2 Be7 7.O-O O-O 8.c4 d5 9.b3 c5 10.d4 dxc4 
11.Bxc4 cxd4 12.Nxd4 Bg4 0-1

[Event "HCL-A055"]
[Site "www.playchess.de"]
[Date "2001.02.17"]
[Round "9"]
[White "P1902"]
[Black "damage_kase"]
[WhiteElo "1898"]
[BlackElo "1354"]
[PlyCount "65"]
[Result "1-0"]

1.d4 d5 2.c4 e6 3.Nc3 Nf6 4.Bg5 Be7 5.e3 Bd7 6.Nf3 
c5 7.cxd5 exd5 8.Bxf6 Bxf6 9.Nxd5 cxd4 10.Nxf6+ 
Qxf6 11.Qxd4 Qxd4 12.Nxd4 Nc6 13.Nxc6 Bxc6 14.f3 
O-O 15.Be2 Rad8 16.Rd1 a6 17.Kf2 Rfe8 18.Rxd8 Rxd8 
19.Rd1 Rxd1 20.Bxd1 Kf8 21.Bb3 Ke7 22.e4 Kf6 23.g3 
g6 24.Ke3 h6 25.f4 Ke7 26.Kd4 f6 27.Bd5 Kd7 28.Kc5 
Kc7 29.Bxc6 bxc6 30.b4 h5 31.a3 Kb7 32.e5 fxe5 
33.fxe5 1-0

[Event "HCL-B127"]
[Site "www.playchess.de"]
[Date "2001.02.17"]
[Round "2"]
[White "shday"]
[Black "JayKay"]
[WhiteElo "1500"]
[BlackElo "1587"]
[PlyCount "46"]
[Result "0-1"]

1.e4 c5 2.Nf3 d6 3.d4 cxd4 4.Nxd4 Nf6 5.Nc3 a6 
6.Be2 e5 7.Nb3 Be7 8.O-O O-O 9.a4 Nc6 10.Kh1 Be6 
11.f4 Nb4 12.f5 Bd7 13.Bd2 Bc6 14.Bd3 d5 {On 
continue finalment!}  15.Re1 d4 16.Nb1 Rc8 17.Bxb4 
Bxb4 18.c3 dxc3 19.Nxc3 a5 20.Qf3 Qb6 21.Qe3 Qxe3 
22.Rxe3 Rfd8 23.Nb5 Ng4 0-1

[Event "HCL-B128"]
[Site "www.playchess.de"]
[Date "2001.02.17"]
[Round "7"]
[White "Cronos"]
[Black "the_king"]
[WhiteElo "1500"]
[BlackElo "922"]
[PlyCount "24"]
[Result "0-1"]

1.e4 c5 2.d3 Nc6 3.Be3 d6 4.h3 Nf6 5.c3 g6 6.Nd2 
Bg7 7.Qf3 e5 8.Be2 d5 9.Qg3 d4 10.cxd4 exd4 11.Bf4 
O-O 12.e5 Nh5 0-1

[Event "HCL-B141"]
[Site "www.playchess.de"]
[Date "2001.02.17"]
[Round "5"]
[White "mogwop"]
[Black "rikkirich"]
[WhiteElo "1200"]
[BlackElo "1402"]
[PlyCount "20"]
[Result "0-1"]

1.d4 e6 2.e4 d5 3.exd5 exd5 4.Bd3 Nc6 5.c3 Nf6 
6.Bg5 Be7 7.h3 h6 8.Bf4 O-O 9.Nf3 Re8 10.O-O 
Bd6 0-1

[Event "HCL-B147"]
[Site "www.playchess.de"]
[Date "2001.02.17"]
[Round "6"]
[White "ggaarrii"]
[Black "traga"]
[WhiteElo "1392"]
[BlackElo "1520"]
[PlyCount "40"]
[Result "0-1"]

1.e4 e5 2.Nf3 Nf6 3.Nxe5 Qe7 4.d4 Nxe4 5.Bd3 d6 
6.O-O Nxf2 7.Rxf2 dxe5 8.dxe5 Nd7 9.e6 Qxe6 10.Nc3 
Bc5 11.Ne4 Bxf2+ 12.Kxf2 Qb6+ 13.Kf1 Ne5 14.Ng5 
Bg4 15.Qe1 Qf6+ 16.Kg1 O-O-O 17.Ne4 Nxd3 18.Nxf6 
Nxe1 19.Nxg4 Nxc2 20.Bf4 Nxa1 0-1

[Event "HCL-C117"]
[Site "www.playchess.de"]
[Date "2001.02.17"]
[Round "22"]
[White "nikk"]
[Black "Platon"]
[WhiteElo "1118"]
[BlackElo "963"]
[PlyCount "29"]
[Result "1-0"]

1.e4 e5 2.Nf3 d6 3.d4 Nc6 4.dxe5 Nxe5 5.Nxe5 dxe5 
6.Qxd8+ Kxd8 7.Bc4 Be6 8.Bxe6 fxe6 9.Bd2 Nf6 
10.Nc3 c6 11.O-O-O b5 12.Bg5+ Ke8 13.f3 Rd8 
14.Rxd8+ Kxd8 15.Rd1+ 1-0

[Event "HCL-C128"]
[Site "www.playchess.de"]
[Date "2001.02.17"]
[Round "4"]
[White "xerxes2u"]
[Black "kldr"]
[WhiteElo "1000"]
[BlackElo "1487"]
[PlyCount "88"]
[Result "0-1"]

1.Nf3 c5 2.g3 d5 3.Bg2 Nf6 4.O-O Nc6 5.d3 h6 
6.Nbd2 e6 7.e4 dxe4 8.dxe4 Be7 9.a4 O-O 10.e5 Nd5 
11.c3 Qc7 12.Nc4 Rd8 13.Qc2 b6 14.Re1 Bb7 15.Bd2 
Rd7 16.Qc1 Rad8 17.Re4 Bf8 18.Rg4 Kh8 19.Nd6 {good 
to be back}  f5 {At last! A Happy New Year to you. 
Klaus}  20.Rh4 Bxd6 {Becomes very exciting now.}  
21.exd6 {Yes}  Qxd6 {What I do seems to be very 
dangerous.}  22.Bxh6 {I hope so!}  Kg8 {But danger 
makes life more interesting.}  23.Bd2 e5 24.Qc2 e4 
25.Ng5 Ba6 {More dangerous and more exciting from 
move to move.}  26.Bf1 Bxf1 27.Kxf1 Ne5 28.Bf4 
Nxf4 29.Rxf4 {What are you up to?}  Qg6 {Very 
simple: I want to win this game. What about you?}  
30.Nh3 {Oh Yeah!}  Nd3 {hmmmm}  31.Rh4 Ne5 32.Nf4 
Qf7 33.Ng2 R7d2 34.Qb1 Qc4+ 35.Kg1 Nf3+ {Very fast 
moves.}  36.Kh1 {#$%@!#@!!!}  Nxh4 {What does that 
mean??? Go to hell or something like that???}  
37.Nxh4 {I was just commenting on my general level 
of play.}  Qe2 {I see.}  38.Qa2+ Kh7 39.Rg1 Qxf2 
{Sorry, but I want to win.}  40.Ng2 {I would have 
been disapointed in you if you accepted the draw}  
R2d1 {So that was just a try?}  41.Ne1 {Half a bag 
of apples is better than none. There is 
considerable psychology behind offering a draw.}  
Rxe1 {You are right but you needn´t try again 
now.}  42.Rxe1 {Hah Hah}  Qxe1+ {I have been 
playing here since October but have not finished 
one tournament yet.}  43.Kg2 {This one should be 
finished soon}  Qe2+ {Four more moves in this 
game.}  44.Kh3 Qg4+ 0-1

[Event "HCL-C137"]
[Site "www.playchess.de"]
[Date "2001.02.17"]
[Round "8"]
[White "mossy"]
[Black "Ewie"]
[WhiteElo "1000"]
[BlackElo "645"]
[PlyCount "20"]
[Result "0-1"]

1.d4 d5 2.c4 Nc6 3.Nc3 e6 4.Nf3 dxc4 5.e4 Bb4 
6.Bxc4 e5 7.O-O Nxd4 8.Bxf7+ Kxf7 9.Nxe5+ Ke6 
10.Be3 Bc5 0-1

[Event "HCL-C141"]
[Site "www.playchess.de"]
[Date "2001.02.17"]
[Round "1"]
[White "Jaco"]
[Black "MikeLord"]
[WhiteElo "558"]
[BlackElo "1000"]
[PlyCount "23"]
[Result "1-0"]

1.e4 e5 2.Nf3 Nc6 3.Nc3 Nf6 4.d3 Bb4 5.Be2 d6 
6.Bd2 O-O 7.Nd5 Bc5 8.O-O b6 9.Bg5 Be6 10.Nxf6+ 
Kh8 11.Nxh7 f6 12.Nxf8 1-0

[Event "HCL-E013"]
[Site "www.playchess.de"]
[Date "2001.02.17"]
[Round "12"]
[White "ARMAGEDON_8"]
[Black "Goofy"]
[WhiteElo "2142"]
[BlackElo "2200"]
[PlyCount "84"]
[Result "0-1"]

1.e4 c5 2.Nf3 Nc6 3.Bb5 g6 4.O-O Bg7 5.Re1 e5 6.c3 
Nge7 7.d3 O-O 8.Be3 d6 9.a4 h6 10.Na3 f5 11.Bc4+ 
Kh7 12.Bg5 f4 13.Bxe7 Qxe7 14.Nd2 g5 15.Bd5 g4 
16.Qb3 f3 17.g3 Qg5 18.Ndc4 Qh5 19.Ne3 Qh3 20.Nac4 
Nd4 21.Qd1 Be6 22.Bxe6 Nxe6 23.Qb3 Nf4 24.Qxb7 
Rfb8 25.Qe7 Nxd3 26.Ref1 Nxb2 27.Nxd6 Rb6 28.Ndf5 
Rg8 29.a5 Rg6 30.Nh4 Rg5 31.Qxa7 Nd3 32.Qa6 Nf4 
33.Qb6 Ng6 34.Nef5 Rf8 {Sorry, but the position is 
now lost for you!}  35.Kh1 {PROVE IT.}  Rfxf5 
36.Rfg1 Rf6 {.}  37.Qb5 Nxh4 38.gxh4 Qxh4 39.Rg3 
Rh5 40.h3 Qg5 41.Qxc5 Rf4 42.Qe3 
Rh4 0-1

[Event "HCL-E013"]
[Site "www.playchess.de"]
[Date "2001.02.17"]
[Round "13"]
[White "Jeroen"]
[Black "ARMAGEDON_8"]
[WhiteElo "2214"]
[BlackElo "2142"]
[PlyCount "61"]
[Result "1-0"]

1.e4 d6 2.d4 Nf6 3.Nc3 g6 4.f4 Bg7 5.Nf3 c5 6.Bb5+ 
Bd7 7.e5 Ng4 8.e6 fxe6 9.Ng5 Bxb5 10.Nxe6 Bxd4 
11.Nxb5 Qa5+ 12.Qd2 Bf2+ 13.Kd1 Ne3+ 14.Ke2 Qxb5+ 
15.Kxf2 Ng4+ 16.Kg3 Qd7 17.Re1 Nf6 18.b3 Kf7 
19.Bb2 Na6 20.Ng5+ {I'll try....}  Kf8 21.Rad1 Nc7 
22.Bxf6 exf6 23.Ne4 Ne8 24.Nxc5 Qc6 25.Ne6+ Kg8 
26.f5 g5 27.c4 h5 28.h4 gxh4+ 29.Kxh4 Kf7 30.Qe2 
Qd7 31.c5 1-0

[Event "HCL-E015"]
[Site "www.playchess.de"]
[Date "2001.02.17"]
[Round "17"]
[White "DrTarrasch"]
[Black "houtduwer"]
[WhiteElo "2000"]
[BlackElo "1987"]
[PlyCount "61"]
[Result "1-0"]

1.d4 Nf6 2.c4 e5 3.Nf3 e4 4.Nfd2 c6 5.e3 d5 6.Nc3 
Be6 7.cxd5 cxd5 8.g3 Nc6 9.Bg2 Qd7 10.O-O Bh3 
11.f3 exf3 12.Bxh3 {Welcome back!}  Qxh3 {You too! 
It was a long wait!}  13.Qxf3 O-O-O 14.Nb3 h5 
15.e4 {Yeah too bad i can't flip the board! :-)}  
dxe4 16.Nxe4 Nxe4 17.Qxe4 Qe6 18.Qf3 f6 19.Bf4 Bd6 
20.d5 Bc5+ {Doh! Bd6 was a really awful move! I 
guess I was a bit too quick with this move.}  
21.Nxc5 {speed chess!}  Qxd5 22.Qxd5 Rxd5 23.Rac1 
g5 24.Be3 Re8 25.Rfe1 Rde5 26.Bd2 R5e2 27.Bc3 f5 
28.Rxe2 Rxe2 29.Re1 Rxe1+ 30.Bxe1 Ne7 31.Ne6 
{ending!!}  1-0

[Event "HCL-M008"]
[Site "www.playchess.de"]
[Date "2001.02.17"]
[Round "11"]
[White "Bronislaw"]
[Black "ARMAGEDON_8"]
[WhiteElo "2317"]
[BlackElo "2263"]
[PlyCount "45"]
[Result "1-0"]

1.e4 d6 2.d4 Nf6 3.Nc3 g6 4.f4 Bg7 5.Nf3 c5 6.Bb5+ 
Bd7 7.e5 Ng4 8.e6 fxe6 9.Ng5 Bxb5 10.Nxb5 Qa5+ 
11.c3 Qxb5 12.Qxg4 cxd4 13.Nxe6 Qc4 14.Nxg7+ Kf7 
15.f5 Kxg7 16.Qh4 Nc6 17.Rf1 Kg8 18.Bh6 Re8 19.Qe4 
Ne5 20.cxd4 Nd3+ 21.Kd2 Nc5 22.Qe3 Nd7 
23.f6 1-0

[Event "ACL-A048"]
[Site "www.playchess.de"]
[Date "2001.02.17"]
[Round "31"]
[White "vrad"]
[Black "COMETIN"]
[WhiteElo "1571"]
[BlackElo "830"]
[PlyCount "31"]
[Result "1-0"]

1.e4 e5 2.Nf3 Nc6 3.Bb5 Nf6 4.d3 a6 5.Bxc6 dxc6 
6.Nxe5 Qd4 7.Nf3 Qd7 8.O-O Bc5 9.Bg5 Ng4 10.h3 f6 
11.Bf4 Ne5 12.Nxe5 fxe5 13.Qh5+ g6 14.Qxe5+ Qe6 
15.Qxh8+ Bf8 16.Bh6 1-0

[Event "ACL-A067"]
[Site "www.playchess.de"]
[Date "2001.02.17"]
[Round "12"]
[White "Deppenhaufen"]
[Black "hun"]
[WhiteElo "1500"]
[BlackElo "1790"]
[PlyCount "96"]
[Result "1-0"]

1.e4 Nc6 2.Nf3 Nf6 3.e5 Nd5 4.d4 e6 5.Be2 Be7 6.c4 
Bb4+ 7.Kf1 Nb6 8.c5 Nd5 9.a3 Ba5 10.b4 Ncxb4 
11.axb4 Bxb4 12.Bc4 c6 13.Bd2 Bxd2 14.Nbxd2 f5 
15.Bd3 O-O 16.Nc4 b5 17.cxb6 e.p 18.Nxb6 Nfd2 
19.Nd5 Nb3 20.Nc3 Qd2 21.Nb5 g3 22.Bb7 Nc5 23.Bc8 
Be2 24.d5 Na5 25.Qb6 Kg2 26.Rb8 Rhb1 27.Rf7 Nab3 
28.g6 Ra4 29.Nc7 Nd3 30.Ba6 Rb4 31.Bb5 Nbc5 32.a5 
R4b2 33.Re7 Bd1 34.Na6 Nxa6 35.Qxa6 Nc5 36.Qa7 Ra1 
{   :-/}  37.Qc7 Rba2 38.Bc4 R2xa5 {  :-(}  39.Qc8 
Qg5 {...schon wieder so offensiv!?    ;))}  40.Rf7 
{ein klein wenig vielleicht.}  R5a7 { :)}  41.Qe8 
Bh5 42.Rxa7 Rxa7 43.Ra8 Rxa8 {   :-/}  44.Qxa8 
Nxe6 45.Qe8 Qf6 {Ich glaube jetzt könnte ich Dir 
schon zum Sieg Gratulieren!  :)}  46.Qxe6 {merci. 
ja mit ner dame weniger ist es nicht schön zu 
spielen}  Qxe6+ {  :(}  47.Kf8 Qf6+ 48.Kg8 
e6 1-0

[Event "ACL-A076"]
[Site "www.playchess.de"]
[Date "2001.02.17"]
[Round "1"]
[White "Alcoholic"]
[Black "mladsir"]
[WhiteElo "1543"]
[BlackElo "1500"]
[PlyCount "40"]
[Result "0-1"]

1.e4 e5 2.f4 exf4 3.Nf3 d5 4.exd5 Nf6 5.Bc4 Bd6 
6.O-O O-O 7.Nc3 Nbd7 8.d4 Nb6 9.Bb3 Bg4 10.Qd3 Re8 
11.Ne5 Bxe5 12.dxe5 Rxe5 13.Bxf4 Rh5 14.Qg3 Qd7 
15.h3 Bxh3 16.gxh3 Rxh3 17.Qg2 h6 18.Bxc7 Rh5 
19.Bf4 Rh4 20.d6 Rg4 0-1

[Event "CCL-E008"]
[Site "www.playchess.de"]
[Date "2001.02.17"]
[Round "4"]
[White "nata"]
[Black "klay5001"]
[WhiteElo "2000"]
[BlackElo "2000"]
[PlyCount "24"]
[Result "0-1"]

1.e4 e5 2.f4 exf4 3.Nf3 Bc5 4.d4 Bb6 5.Bxf4 d6 
6.Bc4 Bg4 7.Qd3 Bxf3 8.Qxf3 Nf6 9.e5 d5 10.exf6 
dxc4 11.Qe4+ Kd7 12.Qf5+ Ke8 0-1

[Event "HCL-B147"]
[Site "www.playchess.de"]
[Date "2001.02.17"]
[Round "10"]
[White "traga"]
[Black "peze4"]
[WhiteElo "1520"]
[BlackElo "1500"]
[PlyCount "76"]
[Result "0-1"]

1.e4 {ja wen haben wir denn da?}  e5 {Guten Abend 
Madame! Die Sehnsucht trieb mich; da gab's kein 
halten. So bin ich halt.}  2.Nf3 {komisch ist nur 
dieses turnier, da hab ich mich sicher nicht 
angemeldet!}  Nf6 {??? ganz sicher ???}  3.Nxe5 
{ja, das war ein turnier, wo smutje auch 
angefangen hat.}  d6 4.Nf3 {aber ja doch!}  Nxe4 
{...und das Turnier mit Smutje ist nicht mehr da?} 
 5.Qe2 {nein, das war ja noch gar nicht voll, 
platz frei}  Qe7 {Turnier-Nr.}  6.d3 {nix mehr 
wissen}  Nf6 {...das sein nix viel. Du eben nehmen 
wie kommt.}  7.Bg5 {ja eh, so "muß" ich halt mit 
dir spielen!}  Nbd7 {...schlimm?}  8.Nc3 {ja 
schon, es gibt gerade toskanisches huhn!}  Qxe2+ 
{...was hab' ich mit einem Huhn zu tun und was 
macht dieses toskanisch?}  9.Bxe2 {wollte dir nur 
einen gusto auf ein gutes essen machen!}  h6 
{...Tantalus läßt grüßen! ;-))}  10.Bf4 {eben 
genau wegen dem!}  g6 11.O-O Bg7 12.d4 Nb6 13.Bb5+ 
{ein kleines schach wenigstens vor dem 
schlafengehen!}  Kd8 {...die Rochade ist hin :-(  
Schlaf gut.}  14.Rfe1 {wenigstens konnte ich dir 
etwas vermiesen...}  Bg4 15.Be2 Re8 16.Bg3 {das 
wird wieder remis....}  Bf5 {...wenn Du Dich 
weiter einmauerst ja. Kenn ich von Dir gar nicht.} 
 17.a4 {angst...}  a5 {Nöö!}  18.Bd3 {s. muß noch 
einen zug machen, dann hab ich ihn! und das 
turnier!}  Bxd3 19.Rxe8+ {geschafft turniersieg!}  
Kxe8 {Herzl.Glückwunsch und Willkommen in 
ACL-Klasse E. 3 Turniere sind noch offen, zögere 
nicht!}  20.cxd3 {bin doch schon dabei!}  Nfd5 
{...so ist es recht.}  21.Nxd5 {trau mich doch 
nicht zu widersprechen!}  Nxd5 22.Kf1 Ra6 {...ich 
bin doch kein Unmensch!}  23.Rb1 {nicht?}  Rb6 
{Nööh!!!}  24.b3 Rb4 {...um was ging es 
überhaupt?}  25.Ke1 {irgendwie komm ich da in 
nachteil!}  f5 {Ja, so Isolanis sind nicht schön 
und dann auch noch doppelt. Oh je...}  26.h3 
{grrrrrrrrrrrrrr}  Bxd4 {...einen davon entsorg' 
ich Dir schon mal; natürlich kostenlos!}  27.Nxd4 
{danke für deine güte, erstick nicht daran!}  Rxd4 
{...ein knusprig' Bäuerlein zur Nacht...}  28.Rd1 
{nimm dir in deinem alter lieber die 
wärmeflasche!}  Rb4 {...unterschätz' die "Alten" 
nicht! Aber jetzt geh' ich schlafen! Gute Nacht!}  
29.Rb1 {würd ich doch nie tun!}  b5 {...ich 
glaube, es geht zu Ende...}  30.Ra1 {fühl mich eh 
schon sterbenselend! gerade eine halbe gallenkolik 
hinter mir!}  Rxb3 {... Oh je!}  31.axb5 {lebe 
noch!}  f4 {Gott sei Dank! Habe mir schon Sorgen 
gemacht.}  32.Bh2 {sorry, hatte nur viel zu tun, 
aber das mitdem magen hab ich öfters. vertrage nix 
fettes.}  Rxb5 {...nicht daß Dir das Spiel auf den 
Magen schlägt.}  33.Kd1 {das sicher nicht}  Rb2 
{...es tanzt ein Bi-Ba-Butzemann...}  34.Rxa5 {du 
wirst richtig böse!}  c5 {Sorry!}  35.Ra8+ Kf7 
36.Rd8 Ke7 37.Rg8 g5 38.h4 Rxf2 0-1

[Event "HCL-B144"]
[Site "www.playchess.de"]
[Date "2001.02.17"]
[Round "19"]
[White "DepthCharge"]
[Black "jack-up"]
[WhiteElo "1498"]
[BlackElo "1559"]
[PlyCount "39"]
[Result "1-0"]

1.e4 {Hello,greetings from Canada! :)}  c5 2.Nf3 
g6 {hello,greetings from venice italy}  3.Nc3 Bg7 
4.Bc4 d6 5.d4 Qa5 6.Bb5+ Bd7 7.Bxd7+ Nxd7 8.Bd2 
cxd4 9.Nd5 Qb5 10.Nc7+ Kd8 {it's incredible I must 
stop alchool}  11.Nxb5 {Never stop drinking!}  Rc8 
{ok so just reduce a little bit}  12.Nbxd4 {Haha, 
that's more like it. I love drinking. :)}  Ngf6 
13.Qe2 Nc5 14.e5 dxe5 15.Nxe5 {Hi. Tell me about 
Italy. Many great men have come from Italy.What is 
your work.}  Rf8 {i work in scotland for offshore 
industry, and italy is the worst western country, 
which is your job?}  16.Ba5+ {I'm a chemist.I hear 
Scotland is a beautiful coutry.Do you work in the 
oil industry?}  b6 {Yes I do.Scotland is 
nice,scottish are teaching me the noble art of 
drinking what about canada?}  17.Bb4 {Yes, we 
enjoy drinking too! Are you on an oil rig right 
now?}  Nfe4 {no i'm at home, alchool is forbidden 
on oil rigs!}  18.Bxc5 Rxc5 {is it cold in 
canada?}  19.Qxe4 {In some places it's  -40C, 
herein Toronto it's only -8C.}  Bxe5 {only!? here 
it is 10°-12° and i feel cold}  20.Nc6+ {Have you 
been to Wales? I hear it's very beautiful.} 
 1-0

[Event "HCL-C153"]
[Site "www.playchess.de"]
[Date "2001.02.17"]
[Round "27"]
[White "guerino"]
[Black "laehndie26"]
[WhiteElo "1067"]
[BlackElo "1000"]
[PlyCount "25"]
[Result "1-0"]

1.e4 e5 2.Nf3 d6 3.d4 Bg4 4.dxe5 dxe5 5.Qxd8+ Kxd8 
6.Nxe5 Nd7 7.Nxf7+ Ke8 8.Nxh8 Kd8 9.Nf7+ Kc8 10.f3 
Be6 11.Ng5 Ndf6 12.Nxe6 h6 13.Nxf8 1-0